Xian dai wen yi lun cong / (Record no. 1827)
[ view plain ]
| 000 -LEADER | |
|---|---|
| fixed length control field | 01437cas a2200421 a 4500 |
| 001 - CONTROL NUMBER | |
| control field | data |
| 005 - DATE AND TIME OF LATEST TRANSACTION | |
| control field | 20260322212120.0 |
| 008 - FIXED-LENGTH DATA ELEMENTS--GENERAL INFORMATION | |
| fixed length control field | data |
| 035 ## - SYSTEM CONTROL NUMBER | |
| System control number | 11300198 |
| 010 ## - LIBRARY OF CONGRESS CONTROL NUMBER | |
| LC control number | 85645062 |
| 035 ## - SYSTEM CONTROL NUMBER | |
| System control number | (OCoLC)11853390 |
| 037 ## - SOURCE OF ACQUISITION | |
| Source of stock number/acquisition | Xin hua shu dian, Shanxi sheng, China |
| 040 ## - CATALOGING SOURCE | |
| Original cataloging agency | DLC |
| Language of cataloging | eng |
| Transcribing agency | DLC |
| Modifying agency | OCLCQ |
| -- | OCLCQ |
| -- | OCLCO |
| -- | OCLCF |
| -- | OCLCQ |
| 042 ## - AUTHENTICATION CODE | |
| Authentication code | pcc |
| 043 ## - GEOGRAPHIC AREA CODE | |
| Geographic area code | a-cc--- |
| 050 00 - LIBRARY OF CONGRESS CALL NUMBER | |
| Classification number | NX8.C45 |
| Item number | H77 |
| 066 ## - CHARACTER SETS PRESENT | |
| Alternate G0 or G1 character set | $1 |
| 082 0# - DEWEY DECIMAL CLASSIFICATION NUMBER | |
| Classification number | 700/.051 |
| Edition information | 19 |
| 245 00 - TITLE STATEMENT | |
| Linkage | 880-01 |
| Title | Xian dai wen yi lun cong / |
| Statement of responsibility, etc. | Xian dai wen yi lun cong bian wei hui zhu bian. |
| 260 ## - PUBLICATION, DISTRIBUTION, ETC. | |
| Linkage | 880-02 |
| Place of publication, distribution, etc. | Xi'an : |
| Name of publisher, distributor, etc. | Shanxi ren min chu ban she |
| 300 ## - PHYSICAL DESCRIPTION | |
| Extent | volumes ; |
| Dimensions | 21 cm |
| 336 ## - CONTENT TYPE | |
| Content type term | text |
| Content type code | txt |
| Source | rdacontent |
| 337 ## - MEDIA TYPE | |
| Media type term | unmediated |
| Media type code | n |
| Source | rdamedia |
| 338 ## - CARRIER TYPE | |
| Carrier type term | volume |
| Carrier type code | nc |
| Source | rdacarrier |
| 588 ## - SOURCE OF DESCRIPTION NOTE | |
| Source of description note | Description based on: 2 (1982 nian 3 yue [Mar. 1982]). |
| 650 #0 - SUBJECT ADDED ENTRY--TOPICAL TERM | |
| Topical term or geographic name entry element | Arts, Chinese. |
| 650 #0 - SUBJECT ADDED ENTRY--TOPICAL TERM | |
| Topical term or geographic name entry element | Arts. |
| 650 #7 - SUBJECT ADDED ENTRY--TOPICAL TERM | |
| Topical term or geographic name entry element | Arts. |
| Source of heading or term | fast |
| Authority record control number or standard number | (OCoLC)fst00817721 |
| 650 #7 - SUBJECT ADDED ENTRY--TOPICAL TERM | |
| Topical term or geographic name entry element | Arts, Chinese. |
| Source of heading or term | fast |
| Authority record control number or standard number | (OCoLC)fst00817963 |
| 776 08 - ADDITIONAL PHYSICAL FORM ENTRY | |
| Relationship information | Online version: |
| Title | Xian dai wen yi lun cong |
| Record control number | (OCoLC)758407769 |
| 880 00 - ALTERNATE GRAPHIC REPRESENTATION | |
| Linkage | 245-01/$1 |
| a | $1!KG!0s!BX'V1'Y$'5+(B / |
| c | $1!KG!0s!BX'V1'Y$'5+'Q[!9f'CZ!09'Q[(B. |
| 880 ## - ALTERNATE GRAPHIC REPRESENTATION | |
| Linkage | 260-02/$1 |
| a | $1!X$!:g(B : |
| b | $1#JD!X$!0d!FM!3K!JH!Na(B |
| 890 ## - | |
| -- | Hsien tai wen i lun tsʻung. |
| 906 ## - LOCAL DATA ELEMENT F, LDF (RLIN) | |
| a | 7 |
| b | cbc |
| c | serials |
| d | 3 |
| e | ncip |
| f | 19 |
| g | n-oclcserc |
| 991 ## - | |
| -- | c-Asian |
| -- | NX8.C45 |
| -- | H77 |
| -- | China |
| -- | SERIALS |
| Withdrawn status | Lost status | Damaged status | Not for loan | Home library | Current library | Shelving location | Date acquired | Total checkouts | Full call number | Barcode | Date last seen | Price effective from | Koha item type |
|---|---|---|---|---|---|---|---|---|---|---|---|---|---|
| Franklin | Franklin | General stacks | 22/03/2026 | 700/.051 | LOC-FRL-00063 | 22/03/2026 | 22/03/2026 | Books |